01223cam a2200241 a 45000010009000000050017000090080041000260100017000670200018000840400018001020420008001200500021001281000026001492450037001752600036002123000044002485200508002926500019008009060045008199420008008649520094008729990015009661181871320250508110236.0991025s2000 nyua 001 0 eng  a 99054555  a9780141042954 aDLCcDLCdDLC apcc00aTX714b.O45 2000 aOliver, Jamie,d1975-14aThe naked chef c/ Jamie Oliver. aLondon, bPenguin Books, c2010 a249 pages : color illustrations ; 25 cm aBritain's most exciting young chef, Jamie Oliver combines bold flavours and fresh ingredients within simple recipes. He is at the cutting edge of modern life and modern British cooking. "The Naked Chef" has something for everyone - from those who want great food but want to keep it simple, to those who work for a living and don't have time to spend all evening cooking. It is about giving people confidence and getting them to feel at ease in the kitchen, even if they have never tried cooking before. 0aCooking924958 a7bcbccorignewd1eocipf19gy-gencatlg 2ddc 00102lcc4070aTBSbTBSd2025-05-08l0oTX714 OLIpB05839r2025-05-08t1w2025-05-08y1 c4643d4643